01164nam a2200193Ia 4500001001100000003001000011008004100021040002500062041001300087100002400100245006400124250001100188260007700199300001200276500026600288501011400554520026600668650003600934L200-51937IT-CnALBA170116s9999||||xx |||||||||||||| ||und|| aIT-CnALBAcIT-CnALBA aITALIANO aTUROLDO DAVID MARIA 0aIL VANGELO DI GIOVANNI. GUIDA ALLA COMPRENSIONE DEI TESTI.  a6a ed. aMILANObRUSCONI, EDITORE c1997 [1° Ed.:1997 - Ed.Ling.Originale: 1988] a190 p.  aPERCHÈ IL IV VANGELO? IL PRINCIPIO ERA IL VERBO. CONFRONTO CON GLI ALTRI VANGELI. REALISMO DEL IV VANGELO. FEDE IN CRISTO PER LA VITA. IL TEMPO E L'ETERNO. VITA ETERNA. VERITÀ E LIBERTÀ. EROS AGAPE. EPIFANIE DELL'AMORE. PROMESSA DELLA GLORIA PER L'UOMO. S aSocietà San Paolo EM - Piazza San Paolo, 14 - 12051 ALBA (CN) (non commercial uses only) ® Copyright 2017 aPERCHÈ IL IV VANGELO? IL PRINCIPIO ERA IL VERBO. CONFRONTO CON GLI ALTRI VANGELI. REALISMO DEL IV VANGELO. FEDE IN CRISTO PER LA VITA. IL TEMPO E L'ETERNO. VITA ETERNA. VERITÀ E LIBERTÀ. EROS AGAPE. EPIFANIE DELL'AMORE. PROMESSA DELLA GLORIA PER L'UOMO. S aRELIGIONE - RELIGIONE CRISTIANA